Statistický programový systém Statgraphics a Statgraphics Plus verze 6 a 7

Informácia o inováciách - verzii 6 a 7 - programového produktu Statgraphics pre numerickú a grafickú štatistickú analýzu. Výhody v lepšej komunikácii s používateľom. Verzia pre Windows. Upozornenie na dva problémy súvisiace s využiteľnosťou výstupov (hlavne grafických) pre publikovanie.

Guardado en:
Detalles Bibliográficos
Autor principal: Minařík, B.
Formato: Capítulo de libro
Lenguaje:checo
Materias:
Etiquetas: Agregar Etiqueta
Sin Etiquetas, Sea el primero en etiquetar este registro!

MARC

LEADER 00000naa a2200000 4500
001 r023977
005 20221205091046.1
041 0 |a cze 
044 |a CZ 
245 1 0 |a Statistický programový systém Statgraphics a Statgraphics Plus verze 6 a 7  |c B. Minařík 
520 |a Informácia o inováciách - verzii 6 a 7 - programového produktu Statgraphics pre numerickú a grafickú štatistickú analýzu. Výhody v lepšej komunikácii s používateľom. Verzia pre Windows. Upozornenie na dva problémy súvisiace s využiteľnosťou výstupov (hlavne grafických) pre publikovanie. 
610 2 0 |a analýza štatistická 
610 2 0 |a softvér 
610 2 0 |a Statgraphics 
610 2 0 |a Statgraphics Plus 
610 2 0 |a Statgraphics v 6 
610 2 0 |a Statgraphics v 7 
610 2 0 |a grafika počítačová 
610 2 0 |a systémy štatistické 
100 1 |a Minařík, B.